Online Catalogue and eLibrary

From south to south : (Record no. 198)

MARC details
000 -LEADER
fixed length control field 00600cam a2200205 a 4500
001 - CONTROL NUMBER
control field 14766960
005 - DATE AND TIME OF LATEST TRANSACTION
control field 20240124063351.0
008 - FIXED-LENGTH DATA ELEMENTS--GENERAL INFORMATION
fixed length control field 070313s2006 ce b 000 0 eng
020 ## - INTERNATIONAL STANDARD BOOK NUMBER
ISBN 9555801087.
040 ## - CATALOGING SOURCE (பட்டியலாக்க மூலம்)
Original cataloging agency DLC
Transcribing agency DLC
082 ## - DDC Classification
DDC Edition Number 22
Class No. 305.0.
245 00 - TITLE STATEMENT
Title From south to south :
Remainder of title reflections on violence and peace /
Statement of responsibility, etc. edited by Rossana Favero-Karunaratna.
250 ## - EDITION STATEMENT
Edition statement 1st.
260 ## - PUBLICATION, DISTRIBUTION, ETC.
Place of publication, distribution, etc. Colombo :
Name of publisher, distributor, etc. International Centre for Ethnic Studies,
Date of publication, distribution, etc. 2006.
300 ## - PHYSICAL DESCRIPTION
Extent (e.g. Volumes, Pages etc.) vi, 90 p. ;
650 #0 - SUBJECT ADDED ENTRY--TOPICAL TERM
Topical term or geographic name entry element Human rights
650 #0 - SUBJECT ADDED ENTRY--TOPICAL TERM
Topical term or geographic name entry element Women and war.
700 1# - ADDED ENTRY--PERSONAL NAME
Personal name Favero-Karunaratna, Rossana.
Relator term (Role) Editor
942 ## - Koha item type (Biblio)
Koha item type Books in Stacks (Lending)
Holdings
Lost status Damaged status Collection code Home library Current library Date acquired Full call number Accession Number Item type
    Lending WERC Library WERC Library 01/24/2024 305.0. 6590 Books in Stacks (Lending)

© WERC Library